Códigos Sustantivo y Procesal del Trabajo (Registro nro. 166383)
[ vista simple ]
| 000 -LEADER | |
|---|---|
| fixed length control field | 01112nam a22002537a 4500 |
| 007 - PHYSICAL DESCRIPTION FIXED FIELD--GENERAL INFORMATION | |
| fixed length control field | cr|||| |||| |
| 008 - FIXED-LENGTH DATA ELEMENTS--GENERAL INFORMATION | |
| fixed length control field | 180928s2018 co |||||s|||| 00||0 spa d |
| 020 ## - INTERNATIONAL STANDARD BOOK NUMBER | |
| International Standard Book Number | 978-958-59985-2-0 |
| 035 ## - | |
| -- | 21938 |
| 040 ## - CATALOGING SOURCE | |
| Original cataloging agency | vLex |
| 090 ## - | |
| -- | 8146 |
| -- | 8146 |
| 100 1# - MAIN ENTRY--PERSONAL NAME | |
| Personal name | Chavarro Cadena, Jorge Enrique |
| 245 10 - TITLE STATEMENT | |
| Title | Códigos Sustantivo y Procesal del Trabajo |
| Medium | [Recurso electrónico] / |
| Statement of responsibility, etc | Jorge Enrique Chavarro Cadena |
| 256 ## - | |
| -- | Servicio en línea |
| 260 ## - PUBLICATION, DISTRIBUTION, ETC. (IMPRINT) | |
| Place of publication, distribution, etc | Bogotá: |
| Name of publisher, distributor, etc | Grupo Editorial Nueva Legislación, |
| Date of publication, distribution, etc | 2018 |
| 300 ## - PHYSICAL DESCRIPTION | |
| Extent | 1 recurso electrónico |
| 506 1# - RESTRICTIONS ON ACCESS NOTE | |
| Terms governing access | Disponible solo en los productos indicados |
| Authorized users | vLex Global |
| -- | vLex Global (Academic Edition, excluding Law Schools) |
| -- | vLex Global (U.S. Academic Edition, Law Schools) |
| -- | vLex Global (U.S. Academic Edition, excluding Law Schools) |
| -- | vLex Global (Academic Edition, Law Schools) |
| 650 04 - SUBJECT ADDED ENTRY--TOPICAL TERM | |
| Topical term or geographic name as entry element | Derecho Procesal |
| Geographic subdivision | Colombia |
| 650 04 - SUBJECT ADDED ENTRY--TOPICAL TERM | |
| Topical term or geographic name as entry element | Procedimiento Laboral |
| Geographic subdivision | Colombia |
| 740 0# - | |
| -- | vLex Libros (Servicio en línea) |
| 856 40 - LOCALIZACIÓN Y ACCESO ELECTRÓNICO | |
| Identificador Uniforme del Recurso (URI/URL) | https://app.vlex.com/#/sources/codigos-sustantivo-y-procesal-del-trabajo-21938 |
| 942 ## - | |
| -- | RAA |
| 999 ## - | |
| -- | 166383 |
| -- | 166383 |
No hay ítems disponibles.